000
00330pab a2200145 454500
008
180718b2002 xxu||||| |||| 00| 0 eng d
100
_a
Handoo, Khavar Meraj
245
_a
Online banking: an insight
260
_c
2002
300
_a
p.135-39.
362
_a
Mar
650
_a
Banks
773
_a
Business Review
909
_a
52377
999
_c
52377
_d
52377